Kluby PLK 2025/26 - Statystyki

Ogólne statystyki
  • Ten quiz został rozwiązany 31 razy
  • Średni wynik to 12 z 16
Statystyki odpowiedzi
Województwo Nazwa klubu % Poprawnych
mazowieckie Legia Warszawa
95%
kujawsko-pomorskie Anwil Włocławek
90%
kujawsko-pomorskie Arriva Polski Cukier Toruń
90%
pomorskie Trefl Sopot
90%
dolnośląskie WKS Śląsk Wrocław
85%
pomorskie AMW Arka Gdynia
80%
zachodniopomorskie King Szczecin
80%
wielkopolskie Tasomix Rosiek Stal Ostrów Wielkopolski
80%
mazowieckie Dziki Warszawa
75%
podkarpackie Miasto Szkła Krosno
75%
dolnośląskie Górnik Zamek Książ Wałbrzych
70%
śląskie Tauron GTK Gliwice
70%
pomorskie Energa Czarni Słupsk
65%
lubelskie PGE Start Lublin
60%
lubuskie Zastal Zielona Góra
60%
śląskie MKS Dąbrowa Górnicza
30%
Nie znaleziono quizów pasujących do podanych kryteriów
Rozkład punktacji
Procent ludzi z każdym wynikiem
Percentyl według liczby udzielonych odpowiedzi
Twoja historia wyników
Nie rozwiązałeś tego quizu